000 01022nam a22003257a 4500
003 DO-SdBPM
005 20250617122547.0
007 ta
008 171101b2008 ck sp 00| 0 spa d
020 _a9789586773928 (obra completa)
040 _aDO-SdBPM
_bspa
_cBPMSU
_erda
082 4 _a372.21
_bY47a 2008
_222
100 1 _aYepes Gallo, Aleida
245 1 0 _aAutobús matemático de Ana María /
_cAleida Yepes
260 _a
_b
_c
264 _aBogotá, Colombia :
_b Zamora,
_c2008
300 _a3 volumenes ;
_c29 cm.
336 _atexto
_btxt
_2rdacontent
337 _asin mediación
_bn
_2rdamedia
338 _avolomen
_bnc
_2rdacarrier
504 _a
505 _a V.1: Nocionario matemático -- V. 2 : Libro de ejercicios -- V. 3 : Manual de padres y maestros.
590 _aInventariado, 2025/VM
650 4 _a: Educación preescolar
650 4 _aMatemáticas
_xEnseñanza preescolar
710 2 _aZamora
910 _aVMateo V. Control de calidad. BPMSU
942 _2ddc
_cBK
945 _a
999 _c15178
_d15178